000 00282nam a22001217a 4500
020 _a0-471-27627-8
082 _a621.366 DRA
100 _aDRAIN,L.E
_975298
245 _aTHE LASER DOPPLER TECHNIQUE
260 _aNEW YORK
_bJOHN WILEY & SONS
_c1980
300 _a241P
942 _cBK
999 _c580743
_d580743